<?xml version="1.0" encoding="UTF-8"?><?xml-stylesheet type="text/xsl" href="static/style.xsl"?><OAI-PMH xmlns="http://www.openarchives.org/OAI/2.0/" xmlns:xsi="http://www.w3.org/2001/XMLSchema-instance" xsi:schemaLocation="http://www.openarchives.org/OAI/2.0/ http://www.openarchives.org/OAI/2.0/OAI-PMH.xsd"><responseDate>2026-04-14T03:17:07Z</responseDate><request verb="GetRecord" identifier="oai:www.recercat.cat:10459.1/64966" metadataPrefix="marc">https://recercat.cat/oai/request</request><GetRecord><record><header><identifier>oai:recercat.cat:10459.1/64966</identifier><datestamp>2024-12-05T22:14:05Z</datestamp><setSpec>com_2072_3622</setSpec><setSpec>col_2072_479130</setSpec></header><metadata><record xmlns="http://www.loc.gov/MARC21/slim" xmlns:dcterms="http://purl.org/dc/terms/" xmlns:xsi="http://www.w3.org/2001/XMLSchema-instance" xmlns:doc="http://www.lyncode.com/xoai" xsi:schemaLocation="http://www.loc.gov/MARC21/slim http://www.loc.gov/standards/marcxml/schema/MARC21slim.xsd">
   <leader>00925njm 22002777a 4500</leader>
   <datafield ind2=" " ind1=" " tag="042">
      <subfield code="a">dc</subfield>
   </datafield>
   <datafield ind2=" " ind1=" " tag="720">
      <subfield code="a">Lagardera Otero, Francisco</subfield>
      <subfield code="e">author</subfield>
   </datafield>
   <datafield ind2=" " ind1=" " tag="720">
      <subfield code="a">Lavega i Burgués, Pere</subfield>
      <subfield code="e">author</subfield>
   </datafield>
   <datafield ind2=" " ind1=" " tag="720">
      <subfield code="a">Etxebest, Joseba</subfield>
      <subfield code="e">author</subfield>
   </datafield>
   <datafield ind2=" " ind1=" " tag="720">
      <subfield code="a">Alonso, José Ignacio</subfield>
      <subfield code="e">author</subfield>
   </datafield>
   <datafield ind2=" " ind1=" " tag="260">
      <subfield code="c">2018-10-24T09:13:54Z</subfield>
   </datafield>
   <datafield ind2=" " ind1=" " tag="260">
      <subfield code="c">2018-10-24T09:13:54Z</subfield>
   </datafield>
   <datafield ind2=" " ind1=" " tag="260">
      <subfield code="c">2018</subfield>
   </datafield>
   <datafield ind2=" " ind1=" " tag="520">
      <subfield code="a">Aquest text presenta una manera d’aplicar la metodologia qualitativa per estudiar la vivència emocional que originen diferents categories de joc motor. Aquesta proposta es contextualitza a les bases teòriques de l’educació de conductes motrius i en l’ús de mètodes mixtos. S’expliquen les tres fases d’anàlisi de contingut aplicat a comentaris de diferents grups de participants d’Espanya, Portugal, Suïssa i Brasil (universitaris, d’educació primària i secundària), obtinguts mitjançant el qüestionari validat Games and Emotion Scale (GES) i entrevistes rememorades. Aquesta línia de recerca ha permès elaborar mapes conceptuals interpretatius de la vivència emocional dels diferents tipus de jocs i alhora presentar propostes educatives per als professionals d’una educació física moderna.</subfield>
   </datafield>
   <datafield ind2=" " ind1=" " tag="520">
      <subfield code="a">This text presents one way to apply the qualitative methodology to study the emotional experience sparked by different categories of motor games. This proposal is contextualized in the theoretical underpinnings of the education of motor behaviors and in the use of mixed methodologies. The three phases of content analysis are explained applied to comments from different groups of participants in Spain, Portugal, Switzerland and Brazil (university students and primary and secondary school students) gotten from the validated Games and Emotion Scale (GES) questionnaire and reflective interviews. This avenue of research has enabled conceptual maps interpreting the emotional experience of the different kinds of games to be developed and educational proposals for professionals in modern physical education to be presented</subfield>
   </datafield>
   <datafield ind2=" " ind1=" " tag="520">
      <subfield code="a">Aquest treball ha comptat amb el suport del Ministeri d’Economia i Competitivitat d’Espanya, sota el projecte coordinat DEP 2010-21626-C03-01, DEP 2010-21626C03-02, DEP.2010-21626-C03-03, i també amb un suport de l’INEFC (INEFC/2017-4).</subfield>
   </datafield>
   <datafield ind1="8" ind2=" " tag="024">
      <subfield code="a">http://hdl.handle.net/10459.1/64966</subfield>
   </datafield>
   <datafield tag="653" ind2=" " ind1=" ">
      <subfield code="a">Anàlisi de contingut</subfield>
   </datafield>
   <datafield tag="653" ind2=" " ind1=" ">
      <subfield code="a">Conducta motriu</subfield>
   </datafield>
   <datafield tag="653" ind2=" " ind1=" ">
      <subfield code="a">Praxeologia motriu</subfield>
   </datafield>
   <datafield tag="653" ind2=" " ind1=" ">
      <subfield code="a">Benestar</subfield>
   </datafield>
   <datafield ind2="0" ind1="0" tag="245">
      <subfield code="a">Metodologia qualitativa en l’estudi del joc tradicional</subfield>
   </datafield>
   <datafield ind2="0" ind1="0" tag="245">
      <subfield code="a">Qualitative Methodology in the Study of Traditional Games</subfield>
   </datafield>
</record></metadata></record></GetRecord></OAI-PMH>